Pięć największych miast według państwa #3 - Statystyki

Ogólne statystyki
  • Ten quiz został rozwiązany 29 razy
  • Średni wynik to 19 z 30
Statystyki odpowiedzi
Odpowiedź % Poprawnych
Ankara
96%
Ateny
96%
Mińsk
96%
Pekin
96%
Tokio
96%
Stambuł
92%
Pretoria
88%
Szanghaj
88%
Saloniki
85%
Johannesburg
81%
Kapsztad
81%
Osaka
81%
Izmir
77%
Grodno
73%
Homel
69%
Kanton
69%
Witebsk
54%
Chengdu
50%
Sapporo
50%
Heraklion
46%
Nagoja
46%
Durban
42%
Jokohama
42%
Bursa
38%
Mohylew
38%
Larisa
27%
Port Elizabeth
27%
Shenzhen
27%
Adana
23%
Patras
23%
Nie znaleziono quizów pasujących do podanych kryteriów
Rozkład punktacji
Procent ludzi z każdym wynikiem
Percentyl według liczby udzielonych odpowiedzi
Twoja historia wyników
Nie rozwiązałeś tego quizu